[Event "Titled Tue 17th Jun Early"]
[Site "chess.com INT"]
[Date "2025.06.17"]
[Round "3"]
[White "Ebrahimi Herab, Hamidreza"]
[Black "Bozorov, Javohir"]
[Result "1-0"]
[WhiteTitle "FM"]
[BlackTitle "FM"]
[WhiteElo "2404"]
[BlackElo "2039"]
[WhiteFideId "22512888"]
[BlackFideId "14216957"]
[EventDate "2025.06.17"]

1. d4 Nf6 2. c4 e5 3. dxe5 Ng4 4. Bf4 Nc6 5. Nf3 Bb4+ 6. Nc3 Bxc3+ 7. bxc3 Qe7
8. Qd5 f6 9. exf6 Nxf6 10. Qd3 d6 11. g3 O-O 12. Bg2 Bg4 13. O-O Rae8 14. Rfe1
b6 15. Ng5 Ne5 16. Bxe5 dxe5 17. Bd5+ Kh8 18. Ne4 Rd8 19. Nxf6 Qxf6 20. Qe3 Bh3
21. Rad1 Qd6 22. Rd3 Qa3 23. Rd2 Qa5 24. Red1 Rf6 25. Bg2 Rxd2 26. Rxd2 Qa3 27.
Rd8+ Rf8 28. Rxf8+ Qxf8 1-0

[Event "Titled Tue 17th Jun Early"]
[Site "chess.com INT"]
[Date "2025.06.17"]
[Round "3"]
[White "Nakonechnyi, Oleksii"]
[Black "Ivanov, Andrey A."]
[Result "0-1"]
[WhiteTitle "CM"]
[BlackTitle "CM"]
[WhiteElo "2222"]
[BlackElo "2120"]
[WhiteFideId "34173714"]
[BlackFideId "2514311"]
[EventDate "2025.06.17"]

1. e4 c5 2. Nf3 g6 3. c3 Bg7 4. d4 cxd4 5. cxd4 d5 6. e5 a6 7. Nc3 Nc6 8. Be2
Bg4 9. O-O Nh6 10. h3 Bxf3 11. Bxf3 e6 12. Be3 Nf5 13. Qd2 O-O 14. Rac1 Rc8 15.
Na4 Nxe3 16. fxe3 Bh6 17. Rc3 Qa5 18. Bd1 Nb4 19. Rxc8 Rxc8 20. Nc5 Nc6 21. Qxa5
Bxe3+ 22. Kh2 Nxa5 23. b4 Bxd4 24. Nd3 Nc4 25. Re1 Nb2 26. Nxb2 Bxb2 27. Re2 Bd4
28. Bb3 Rc3 29. b5 axb5 30. g4 Re3 31. Rd2 Bxe5+ 32. Kg2 Rg3+ 33. Kf2 Rxh3 34.
Rd1 Rg3 35. Rc1 Rc3 36. Rh1 Kg7 37. g5 Bf4 38. Ke2 Bxg5 39. Rf1 h5 40. Rh1 h4
41. Rb1 Rc1 42. Rb2 h3 43. Kf3 Bf6 44. Rh2 Be5 45. Rxh3 Rc3+ 46. Kg2 Rxh3 47.
Kxh3 Kf6 48. Kg4 Ke7 49. a4 bxa4 50. Bxa4 Kd6 51. Bc2 Bf6 52. Bd3 Kc5 53. Bb1 b5
54. Bc2 Kc4 55. Ba4 bxa4 0-1

[Event "Titled Tue 17th Jun Early"]
[Site "chess.com INT"]
[Date "2025.06.17"]
[Round "3"]
[White "Molenda, Marcin"]
[Black "Blackburn, Jonathan L B"]
[Result "1/2-1/2"]
[WhiteTitle "IM"]
[BlackTitle "FM"]
[WhiteElo "2376"]
[BlackElo "2207"]
[WhiteFideId "1173065"]
[BlackFideId "1801090"]
[EventDate "2025.06.17"]

1. d4 Nf6 2. c4 g6 3. Nc3 Bg7 4. e4 d6 5. Nf3 O-O 6. Be2 Nc6 7. h3 e5 8. d5 Ne7
9. g4 c6 10. Bg5 cxd5 11. cxd5 Nd7 12. Qd2 a6 13. Rc1 b5 14. h4 Nc5 15. b4 Na4
16. Nxa4 bxa4 17. Nh2 f6 18. Be3 f5 19. gxf5 gxf5 20. Bh6 Rf7 21. Rg1 f4 22. Bh5
Ng6 23. Bxg7 Rxg7 24. Bxg6 Rxg6 25. Rxg6+ hxg6 26. Nf3 Bg4 27. Ng5 Qe7 28. f3
Bd7 29. Rc7 Rc8 30. Qc3 Qd8 31. Rxc8 Qxc8 32. Qxc8+ Bxc8 33. Kd2 Kg7 34. Kc3 Bd7
35. Kb2 Kf6 36. Ka3 Kg7 37. Kb2 Kf6 38. Kc3 Kg7 39. a3 Kf6 40. Kd2 Kg7 41. Ke2
Kf6 42. Kf2 Kg7 43. Kg2 Kf6 44. Nh7+ Kg7 45. Ng5 Kf6 46. Nh3 Kg7 47. Ng5 1/2-1/2

[Event "Titled Tue 17th Jun Early"]
[Site "chess.com INT"]
[Date "2025.06.17"]
[Round "3"]
[White "Medina, VInce Angelo"]
[Black "Chen, Yidong"]
[Result "1-0"]
[WhiteElo "2138"]
[BlackElo "2074"]
[WhiteFideId "5205069"]
[BlackFideId "8607028"]
[EventDate "2025.06.17"]

1. d4 Nf6 2. Bg5 Ne4 3. h4 d5 4. Nd2 Nd6 5. e3 h6 6. Bf4 Nc6 7. Ngf3 Bg4 8. Be2
g6 9. Ne5 Bxe2 10. Qxe2 Bg7 11. Nxc6 bxc6 12. c4 O-O 13. Rc1 Re8 14. Bxd6 exd6
15. Nf3 Rb8 16. b3 Qd7 17. O-O Re4 18. cxd5 cxd5 19. Qa6 c5 20. dxc5 dxc5 21.
Rxc5 Bf8 22. Ra5 Rb7 23. Rd1 Re6 24. Qd3 Bb4 25. Rxd5 Qe7 26. Rd8+ Kh7 27. Qd4
Qf6 28. Qxf6 Rxf6 29. R1d7 Rxd7 30. Rxd7 a5 31. Ne5 Kg7 32. g3 Re6 33. Nxf7 Kf6
34. Nxh6 Rc6 35. Ng4+ Ke6 36. Rg7 Rc1+ 37. Kg2 Kf5 38. f3 Rc2+ 39. Kh3 Rxa2 40.
e4+ Ke6 41. Rxg6+ Kf7 42. Ra6 Rb2 43. Ne5+ Kg7 44. Nd3 Rxb3 45. Nxb4 axb4 46.
Rb6 Rb1 47. f4 b3 48. e5 b2 49. Kg4 Kf8 50. f5 1-0

[Event "Titled Tue 17th Jun Early"]
[Site "chess.com INT"]
[Date "2025.06.17"]
[Round "3"]
[White "Przybylski, Bartosz"]
[Black "Arya G Mallar"]
[Result "1-0"]
[WhiteTitle "CM"]
[BlackTitle "WCM"]
[WhiteElo "2101"]
[BlackElo "2000"]
[WhiteFideId "21878323"]
[BlackFideId "25115324"]
[EventDate "2025.06.17"]

1. d4 Nf6 2. Nc3 d5 3. Bf4 g6 4. e3 Bg7 5. h4 h5 6. Nf3 O-O 7. Ne5 c5 8. Qd2
cxd4 9. exd4 Bf5 10. Bd3 Bxd3 11. Qxd3 Nc6 12. O-O-O Rc8 13. f3 Qa5 14. a3 Qb6
15. g4 Na5 16. g5 Nc4 17. b3 Nxe5 18. Bxe5 Qa5 19. Kb2 Nd7 20. Bxg7 Kxg7 21. f4
Rc6 22. b4 Qc7 23. Nxd5 Qd6 24. c4 b5 25. cxb5 Qxd5 26. bxc6 Qxc6 27. d5 Qd6 28.
Rhe1 Nb6 29. Qd4+ Kg8 30. f5 Qh2+ 31. Rd2 Qg3 32. Rxe7 Qxh4 33. Qxh4 1-0

[Event "Titled Tue 17th Jun Early"]
[Site "chess.com INT"]
[Date "2025.06.17"]
[Round "3"]
[White "Oparin, Grigoriy"]
[Black "Shandrygin, Nikita"]
[Result "0-1"]
[WhiteTitle "GM"]
[BlackTitle "FM"]
[WhiteElo "2660"]
[BlackElo "2209"]
[WhiteFideId "24125890"]
[BlackFideId "24198668"]
[EventDate "2025.06.17"]

1. Nf3 d5 2. c4 Nf6 3. e3 g6 4. cxd5 Nxd5 5. Nc3 Bg7 6. h4 Nc6 7. h5 Bg4 8. Qa4
Bxf3 9. gxf3 Nb6 10. Qd1 e5 11. Bb5 Qd7 12. Ne4 O-O-O 13. Qc2 f5 14. Bxc6 bxc6
15. Nc5 Qd5 16. e4 fxe4 17. fxe4 Qf7 18. d3 Qf3 19. Rg1 Bf8 20. Be3 Bxc5 21.
Qxc5 Rxd3 22. Rf1 Rhd8 23. Qc2 Qxe4 24. Rc1 Rxe3+ 25. fxe3 Qxe3+ 0-1

[Event "Titled Tue 17th Jun Early"]
[Site "chess.com INT"]
[Date "2025.06.17"]
[Round "3"]
[White "Arabidze, Meri"]
[Black "Bacrot, Etienne"]
[Result "0-1"]
[WhiteTitle "IM"]
[BlackTitle "GM"]
[WhiteElo "2440"]
[BlackElo "2633"]
[WhiteFideId "13604040"]
[BlackFideId "605506"]
[EventDate "2025.06.17"]

1. d4 d5 2. c4 e6 3. Nc3 c6 4. e3 f5 5. Bd3 Nh6 6. Nge2 Bd6 7. f3 Nd7 8. Bd2 O-O
9. Qc2 Qh4+ 10. g3 Qh5 11. Rf1 dxc4 12. Bxc4 Nb6 13. Bb3 Nd5 14. O-O-O Nb4 15.
Qb1 a5 16. a3 Nd5 17. h3 Nxc3 18. Bxc3 Qxh3 19. Qc2 Qh5 20. Nf4 Qf7 21. Rh1 b5
22. Nd3 b4 23. axb4 axb4 24. Nxb4 c5 25. Nd3 cxd4 26. Bxd4 Bb7 27. Nf4 Bxf4 28.
gxf4 Bxf3 29. Rxh6 Ra1+ 30. Kd2 Rxd1+ 31. Qxd1 Bxd1 32. Bxe6 gxh6 33. Bxf7+ Kxf7
34. Kxd1 Rg8 35. b4 h5 0-1

[Event "Titled Tue 17th Jun Early"]
[Site "chess.com INT"]
[Date "2025.06.17"]
[Round "3"]
[White "Grover, Sahaj"]
[Black "Yatskar, Martin"]
[Result "1-0"]
[WhiteTitle "GM"]
[BlackTitle "CM"]
[WhiteElo "2465"]
[BlackElo "2225"]
[WhiteFideId "5021103"]
[BlackFideId "34109676"]
[EventDate "2025.06.17"]

1. d4 d5 2. c4 e6 3. Nc3 c5 4. e3 Nf6 5. Nf3 a6 6. b3 Nc6 7. Bb2 Bd6 8. cxd5
exd5 9. h3 O-O 10. Be2 Re8 11. O-O cxd4 12. Nxd4 Nxd4 13. Qxd4 Be5 14. Qd2 d4
15. Rad1 Bxh3 16. exd4 Bc7 17. gxh3 Qd6 18. f4 Re6 19. d5 Bb6+ 20. Kg2 Re3 21.
Rf3 Rae8 22. Rxe3 Rxe3 23. Rf1 g5 24. Rf3 gxf4 25. Rxe3 fxe3 26. Qe1 Bc7 27. Qg1
Kf8 28. Qxe3 Qh2+ 29. Kf1 Qh1+ 30. Qg1 Qxh3+ 31. Ke1 Bg3+ 32. Kd1 Ng4 33. Qc5+
Kg8 34. Qc8+ Kg7 35. Ne4+ Kh6 36. Bc1+ Bf4 37. Bxf4+ Kh5 38. Qf5+ Kh4 39. Qg5# 1-0

[Event "Titled Tue 17th Jun Early"]
[Site "chess.com INT"]
[Date "2025.06.17"]
[Round "3"]
[White "Kukushkin, Ivan"]
[Black "Yevchenko, Oleksandr"]
[Result "0-1"]
[WhiteTitle "CM"]
[BlackTitle "CM"]
[WhiteElo "2008"]
[BlackElo "2276"]
[WhiteFideId "11634103"]
[BlackFideId "14108267"]
[EventDate "2025.06.17"]

1. e4 c5 2. Nf3 d6 3. d4 cxd4 4. Nxd4 Nf6 5. f3 e5 6. Nb3 d5 7. Bg5 d4 8. c3 Nc6
9. Bb5 Be6 10. cxd4 Bb4+ 11. Nc3 exd4 12. Nxd4 Qb6 13. Nxe6 fxe6 14. Bc4 Rd8 15.
Qa4 O-O 16. Bxe6+ Kh8 17. Bd5 Nxd5 18. Bxd8 Qe3+ 19. Kd1 Nxc3+ 20. bxc3 Rxd8+
21. Kc2 Rd2+ 22. Kb1 Qd3+ 23. Kc1 Qxc3+ 24. Kb1 Qb2# 0-1

[Event "Titled Tue 17th Jun Early"]
[Site "chess.com INT"]
[Date "2025.06.17"]
[Round "3"]
[White "Jovic, Stanoje"]
[Black "Moksh, Amit Doshi"]
[Result "0-1"]
[WhiteTitle "FM"]
[BlackTitle "IM"]
[WhiteElo "2096"]
[BlackElo "2366"]
[WhiteFideId "905020"]
[BlackFideId "25064967"]
[EventDate "2025.06.17"]

1. c4 c5 2. g3 g6 3. Bg2 Bg7 4. Nc3 Nc6 5. Nf3 d6 6. O-O Bf5 7. d3 Qd7 8. Re1
Nf6 9. Rb1 Bh3 10. Bh1 h5 11. Bg5 Ng4 12. Nd5 h4 13. b4 hxg3 14. fxg3 Nce5 15.
e3 Nxf3+ 16. Bxf3 Qf5 17. Bxe7 Nxh2 18. Be4 Qe5 19. Kxh2 Bg4+ 20. Kg2 Bxd1 21.
Rexd1 b6 22. bxc5 dxc5 23. Bf3 Bf8 24. d4 Qf5 25. Bxf8 Kxf8 0-1

[Event "Titled Tue 17th Jun Early"]
[Site "chess.com INT"]
[Date "2025.06.17"]
[Round "3"]
[White "Sitnic, Adnan"]
[Black "Aaradhya Das"]
[Result "1-0"]
[WhiteTitle "CM"]
[BlackTitle "WCM"]
[WhiteElo "2058"]
[BlackElo "1786"]
[WhiteFideId "14403854"]
[BlackFideId "33361436"]
[EventDate "2025.06.17"]

1. e4 e5 2. Nf3 Nc6 3. Bb5 a6 4. Ba4 Nge7 5. c3 g6 6. O-O Bg7 7. d4 b5 8. Bc2
exd4 9. Nxd4 O-O 10. Be3 d6 11. Nxc6 Nxc6 12. a4 Bd7 13. axb5 axb5 14. Rxa8 Qxa8
15. Qe2 b4 16. cxb4 Nxb4 17. Nc3 Qb7 18. Rb1 Ra8 19. h4 Be6 20. Bd1 Nc6 21. Nd5
Ne5 22. Nc3 Nc4 23. Qd3 Nxb2 24. Qd2 Bxc3 25. Qxc3 Nxd1 26. Rxd1 Qb3 27. Qd4 Ra4
28. Qd2 Rxe4 29. Ra1 Ra4 30. Rc1 Rc4 31. Ra1 Ra4 32. Rc1 Rc4 33. Bh6 Rxc1+ 34.
Qxc1 f6 35. Qxc7 Qd1+ 36. Kh2 1-0

[Event "Titled Tue 17th Jun Early"]
[Site "chess.com INT"]
[Date "2025.06.17"]
[Round "3"]
[White "Mohylnyi, Stepan"]
[Black "Sadubayev, Airat"]
[Result "0-1"]
[WhiteTitle "FM"]
[BlackTitle "FM"]
[WhiteElo "2314"]
[BlackElo "2211"]
[WhiteFideId "34127836"]
[BlackFideId "13713264"]
[EventDate "2025.06.17"]

1. e4 c6 2. d4 d5 3. Nc3 dxe4 4. Nxe4 Nf6 5. Nxf6+ exf6 6. c3 Bd6 7. Bd3 O-O 8.
Ne2 Re8 9. Qc2 h5 10. Be3 Nd7 11. O-O-O Nf8 12. h3 Be6 13. g4 h4 14. Nf4 Bxf4
15. Bxf4 a5 16. c4 b5 17. Rhg1 bxc4 18. Bxc4 Bxc4 19. Qxc4 Ne6 20. Be3 a4 21.
Kb1 Qd7 22. d5 cxd5 23. Rxd5 Qb7 24. Rb5 Qf3 25. g5 fxg5 26. Bxg5 Rec8 27. Qg4
Qd3+ 28. Ka1 Qxb5 29. Bf6 Rc4 30. f4 Rac8 31. Kb1 Rxf4 0-1

[Event "Titled Tue 17th Jun Early"]
[Site "chess.com INT"]
[Date "2025.06.17"]
[Round "3"]
[White "Carlsson, Ludvig"]
[Black "Jahnz, Laurin"]
[Result "0-1"]
[WhiteTitle "IM"]
[BlackTitle "CM"]
[WhiteElo "2379"]
[BlackElo "2221"]
[WhiteFideId "1727010"]
[BlackFideId "16261089"]
[EventDate "2025.06.17"]

1. Nf3 d5 2. d4 Nf6 3. c4 e6 4. Nc3 dxc4 5. e4 Bb4 6. Bg5 c5 7. Bxc4 cxd4 8.
Nxd4 Bxc3+ 9. bxc3 Qa5 10. Bxf6 Qxc3+ 11. Kf1 gxf6 12. Rc1 Qa5 13. Bb5+ Ke7 14.
Qh5 Nd7 15. Qh6 a6 16. Qg7 axb5 17. Qxh8 Qd2 18. Ne2 Ne5 19. h4 Nd3 20. Rb1 Rxa2
21. Qxc8 0-1

[Event "Titled Tue 17th Jun Early"]
[Site "chess.com INT"]
[Date "2025.06.17"]
[Round "3"]
[White "Tsydypov, Zhamsaran"]
[Black "Mai, Alexander Oliver"]
[Result "1-0"]
[WhiteTitle "GM"]
[BlackTitle "CM"]
[WhiteElo "2514"]
[BlackElo "2171"]
[WhiteFideId "4108566"]
[BlackFideId "2313391"]
[EventDate "2025.06.17"]

1. d4 Nf6 2. c4 e6 3. Nf3 c5 4. d5 d6 5. Nc3 exd5 6. cxd5 g6 7. e4 a6 8. a4 Bg4
9. h3 Bxf3 10. Qxf3 Bg7 11. g3 O-O 12. Bg2 Re8 13. O-O Nbd7 14. g4 Qc7 15. Qg3
Rab8 16. a5 b5 17. axb6 Rxb6 18. h4 Rb3 19. f3 Ne5 20. Rxa6 Reb8 21. Kh1 Ne8 22.
h5 Nd3 23. Ne2 Be5 24. Qh4 Nxc1 25. Nxc1 Bxb2 26. Nxb3 Rxb3 27. Ra8 Rb8 28. Rxb8
Qxb8 29. Rb1 c4 30. Qe1 Qb3 31. e5 c3 32. e6 f6 33. e7 Kg7 34. Qe3 g5 35. Rf1 c2
36. Qxb3 1-0

[Event "Titled Tue 17th Jun Early"]
[Site "chess.com INT"]
[Date "2025.06.17"]
[Round "3"]
[White "Madi, Aidana"]
[Black "Marynychenko, Yehor"]
[Result "0-1"]
[WhiteTitle "WFM"]
[BlackTitle "CM"]
[WhiteElo "1899"]
[BlackElo "2183"]
[WhiteFideId "13722689"]
[BlackFideId "34160558"]
[EventDate "2025.06.17"]

1. e4 c5 2. d4 cxd4 3. c3 dxc3 4. Nxc3 Nc6 5. Nf3 e6 6. Bc4 a6 7. O-O Nge7 8.
Bg5 h6 9. Be3 Ng6 10. Qe2 Be7 11. Rfd1 O-O 12. Rac1 d6 13. Bb3 b5 14. Nxb5 axb5
15. Rxc6 Bb7 16. Bb6 Qe8 17. Rc7 Qb8 18. Rdc1 Bd8 19. e5 Bxf3 20. Qxf3 Qxb6 21.
Rxf7 Bg5 22. Bxe6 Kh8 23. Rcc7 dxe5 24. Rxg7 Qxc7 25. Qxf8+ Nxf8 26. Rxc7 Nxe6
27. Rc6 Rxa2 28. h4 Nd8 29. Rd6 Be7 30. Rd7 Bf6 31. b4 Ra6 32. g3 Ne6 33. Rf7
Bg7 34. Rb7 Nd4 35. Rb8+ Kh7 36. Re8 Ra4 0-1

[Event "Titled Tue 17th Jun Early"]
[Site "chess.com INT"]
[Date "2025.06.17"]
[Round "3"]
[White "Sarkar, Justin"]
[Black "Aakash, G"]
[Result "0-1"]
[WhiteTitle "IM"]
[BlackTitle "FM"]
[WhiteElo "2284"]
[BlackElo "2123"]
[WhiteFideId "2010011"]
[BlackFideId "25644394"]
[EventDate "2025.06.17"]

1. e4 e6 2. Nf3 d5 3. d3 c5 4. Be2 Nc6 5. O-O Nf6 6. Nbd2 Bd6 7. Re1 O-O 8. Bf1
Bc7 9. c3 dxe4 10. dxe4 e5 11. a4 Be6 12. Qc2 Qe7 13. Bc4 h6 14. Bxe6 Qxe6 15.
Nf1 Rfd8 16. Ne3 Ba5 17. Bd2 Rd7 18. Rad1 Rad8 19. Bc1 Ne7 20. Rxd7 Rxd7 21. Rd1
Rxd1+ 22. Nxd1 Ng6 23. Ne3 Qc6 24. Nd2 a6 25. Nec4 Bc7 26. a5 Qb5 27. Qb3 Ne7
28. f3 Nc6 29. Qxb5 axb5 30. Na3 b4 31. Nb5 Bxa5 32. Nc4 bxc3 33. bxc3 Kf8 34.
Ba3 Nd7 35. Kf2 Ke7 36. Ke3 Ke6 37. Kd3 g6 38. Ncd6 Nd8 39. Nc4 Nc6 40. Ncd6 Na7 0-1

[Event "Titled Tue 17th Jun Early"]
[Site "chess.com INT"]
[Date "2025.06.17"]
[Round "3"]
[White "Swaminathan, Pranav"]
[Black "Lorans, Sylvain"]
[Result "0-1"]
[BlackTitle "CM"]
[WhiteElo "2113"]
[BlackElo "2155"]
[WhiteFideId "30970482"]
[BlackFideId "605794"]
[EventDate "2025.06.17"]

1. Nf3 c5 2. e4 Nc6 3. d4 cxd4 4. Nxd4 g6 5. c4 Bg7 6. Be3 Qb6 7. Nb5 Qa5+ 8.
N5c3 d6 9. Be2 Qb4 10. Qd2 Nf6 11. O-O Ng4 12. a3 Qb3 13. Bd1 Qxc4 14. Bxg4 Bxg4
15. f3 Bd7 16. Nd5 O-O 17. Rc1 Qb3 18. Bg5 Qxb2 19. Ra2 Qxd2 20. Rxd2 f6 21. Be3
Kf7 22. Rb2 b6 23. Nbc3 Rfc8 24. Nb5 Ne5 25. Rxc8 Rxc8 26. Nxa7 Ra8 27. Bxb6 Nc4
28. Rb4 Nxb6 29. Nxb6 Rxa7 30. a4 f5 31. a5 Bc3 32. Nxd7 Bxb4 0-1

[Event "Titled Tue 17th Jun Early"]
[Site "chess.com INT"]
[Date "2025.06.17"]
[Round "3"]
[White "Rothuis, Vincent"]
[Black "Bok, Benjamin"]
[Result "0-1"]
[WhiteTitle "IM"]
[BlackTitle "GM"]
[WhiteElo "2346"]
[BlackElo "2582"]
[WhiteFideId "1011936"]
[BlackFideId "1017063"]
[EventDate "2025.06.17"]

1. d4 Nf6 2. c4 e6 3. Nf3 b6 4. g3 Ba6 5. b3 Bb4+ 6. Bd2 Be7 7. Bg2 O-O 8. Nc3
d5 9. O-O c6 10. Ne5 Nfd7 11. Nxd7 Nxd7 12. Re1 Rc8 13. cxd5 cxd5 14. a4 Nf6 15.
Rc1 Qd7 16. Rc2 Rc6 17. Qb1 Rfc8 18. Qb2 Bb4 19. Rec1 h6 20. Nb1 Bxd2 21. Rxc6
Bxc1 22. Rxc1 Rxc1+ 23. Qxc1 Bxe2 24. Nc3 Ba6 25. Bf1 Bxf1 26. Kxf1 a6 27. f3
Qd6 28. Ne2 Qb4 29. Qc3 Qxc3 30. Nxc3 Nd7 31. Kf2 Kf8 32. Ke3 Ke7 33. h4 g5 34.
hxg5 hxg5 35. g4 Kd6 36. Ne2 Nb8 37. f4 gxf4+ 38. Nxf4 Nc6 39. g5 Nxd4 40. Kxd4
e5+ 41. Ke3 0-1

[Event "Titled Tue 17th Jun Early"]
[Site "chess.com INT"]
[Date "2025.06.17"]
[Round "3"]
[White "Montejo Bello, Lorena Beatriz"]
[Black "Winkels, Marcel"]
[Result "1-0"]
[WhiteTitle "WFM"]
[BlackTitle "CM"]
[WhiteElo "2090"]
[BlackElo "1905"]
[WhiteFideId "3529045"]
[BlackFideId "1003887"]
[EventDate "2025.06.17"]

1. e4 c5 2. Nf3 d6 3. d4 cxd4 4. Nxd4 Nf6 5. Nc3 a6 6. Be2 e5 7. Nb3 Be7 8. Be3
Be6 9. O-O O-O 10. Bf3 b5 11. a4 b4 12. Nd5 Bxd5 13. exd5 Nbd7 14. a5 Rc8 15.
Be2 Ra8 16. f3 Qc7 17. Qd2 Qb7 18. Rfd1 Rfc8 19. Ra4 Qc7 20. Rc1 Nc5 21. Rxb4
Nxb3 22. Rxb3 Rcb8 23. Rxb8+ Qxb8 24. b4 Qb7 25. c4 Rb8 26. b5 axb5 27. cxb5
Nxd5 28. Bf2 Nc7 29. b6 Na6 30. Qd3 Ra8 31. Qxa6 Rxa6 32. Bxa6 Qxa6 33. Rb1 Qb7
34. a6 Qxa6 35. b7 h5 36. b8=Q+ Kh7 37. Qb5 Qa2 38. Qd3+ g6 39. Qb3 Qd2 40.
Qxf7+ 1-0

[Event "Titled Tue 17th Jun Early"]
[Site "chess.com INT"]
[Date "2025.06.17"]
[Round "3"]
[White "Grandelius, Nils"]
[Black "Jakovljevic, Dejan"]
[Result "1-0"]
[WhiteTitle "GM"]
[BlackTitle "CM"]
[WhiteElo "2643"]
[BlackElo "1956"]
[WhiteFideId "1710400"]
[BlackFideId "949418"]
[EventDate "2025.06.17"]

1. d4 Nf6 2. c4 e5 3. dxe5 Ng4 4. e3 Nxe5 5. Nc3 Nbc6 6. Nh3 d6 7. Nf4 Be7 8.
Be2 O-O 9. O-O Bf6 10. Nfd5 Be6 11. f4 Nd7 12. Kh1 Ne7 13. Nxe7+ Qxe7 14. f5 Be5
15. Qe1 Nc5 16. fxe6 fxe6 17. e4 Rxf1+ 18. Bxf1 Rf8 19. Be3 Bxc3 20. Qxc3 Nxe4
21. Qd4 Qh4 22. Bd3 Nf2+ 23. Bxf2 Qxf2 24. Qe4 Qf5 25. Qxf5 exf5 26. Re1 g6 27.
c5 Kf7 28. Bc4+ Kf6 29. cxd6 cxd6 30. Re6+ Kg5 31. Rxd6 Rc8 32. Bb3 1-0

[Event "Titled Tue 17th Jun Early"]
[Site "chess.com INT"]
[Date "2025.06.17"]
[Round "3"]
[White "Szpar, Milosz"]
[Black "Gubajdullin, Alexei"]
[Result "1-0"]
[WhiteTitle "IM"]
[BlackTitle "FM"]
[WhiteElo "2495"]
[BlackElo "2233"]
[WhiteFideId "1184989"]
[BlackFideId "4141202"]
[EventDate "2025.06.17"]

1. e4 c5 2. c3 d5 3. exd5 Qxd5 4. d4 g6 5. Nf3 Bg7 6. Na3 cxd4 7. Nb5 Na6 8.
Nbxd4 Nf6 9. Bb5+ Bd7 10. Bxa6 bxa6 11. O-O O-O 12. Re1 Rfe8 13. Ne5 Rad8 14.
Qb3 Qa8 15. Qxf7+ Kh8 16. Ne6 Bxe6 17. Qxe6 Qd5 18. Nf7+ Kg8 19. Nxd8+ Kh8 20.
Qxd5 Nxd5 21. Ne6 Bf6 22. Bf4 Rc8 23. Rad1 Nb6 24. Be5 Bxe5 25. Rxe5 Nc4 26.
Red5 Kg8 27. Rd8+ Rxd8 28. Rxd8+ Kf7 29. Ng5+ Kf6 30. Nxh7+ Kg7 31. Ng5 Nxb2 32.
Rd7 Kf6 33. Ne4+ Ke6 34. Nc5+ Kf6 35. Rxa7 Nd1 36. Rxa6+ Ke5 37. Rxg6 Nxc3 38.
a4 Kd5 39. Rg5+ e5 40. Nd3 Nxa4 41. Nxe5 Ke6 42. Nd3 Nc3 43. h4 Kf6 44. f3 Nd1
45. Re5 Nb2 46. Nxb2 Kxe5 47. Kf2 Kf4 48. Nd3+ Kf5 49. g4+ Kg6 50. Kg3 Kh6 51.
Kf4 Kg6 52. Ne5+ Kf6 53. h5 Ke6 54. g5 Ke7 55. Kf5 Kf8 56. Kg6 Kg8 57. h6 Kh8
58. Nf7+ Kg8 59. h7+ Kf8 60. h8=Q+ Ke7 61. Qd8+ Ke6 62. Qd6# 1-0

[Event "Titled Tue 17th Jun Early"]
[Site "chess.com INT"]
[Date "2025.06.17"]
[Round "3"]
[White "Jake Shanty"]
[Black "Krzesaj, Robert"]
[Result "1-0"]
[WhiteTitle "FM"]
[BlackTitle "FM"]
[WhiteElo "2252"]
[BlackElo "2391"]
[WhiteFideId "33478066"]
[BlackFideId "1123521"]
[EventDate "2025.06.17"]

1. Nf3 d5 2. e3 Nf6 3. b3 Bf5 4. Bb2 e6 5. d4 Be7 6. Bd3 Bxd3 7. Qxd3 O-O 8. O-O
c5 9. Nbd2 cxd4 10. Nxd4 Nc6 11. N2f3 Nxd4 12. Bxd4 a6 13. Rfd1 Rc8 14. c4 dxc4
15. bxc4 Qa5 16. Rdb1 Qc7 17. Rc1 Rfd8 18. Qb3 b5 19. Ne5 Bd6 20. Qb2 bxc4 21.
Rxc4 Qb8 22. Qxb8 Bxb8 23. Nc6 Kf8 24. Rac1 Rd7 25. Nxb8 Rxb8 26. Rc8+ Rxc8 27.
Rxc8+ Ke7 28. Bc5+ 1-0

[Event "Titled Tue 17th Jun Early"]
[Site "chess.com INT"]
[Date "2025.06.17"]
[Round "3"]
[White "Wan, Yunguo"]
[Black "Melamed, Daniel"]
[Result "1-0"]
[WhiteTitle "GM"]
[BlackTitle "CM"]
[WhiteElo "2501"]
[BlackElo "2047"]
[WhiteFideId "8603189"]
[BlackFideId "3229076"]
[EventDate "2025.06.17"]

1. Nf3 Nf6 2. g3 e6 3. Bg2 d5 4. O-O c5 5. d3 Nc6 6. e4 dxe4 7. dxe4 Qxd1 8.
Rxd1 Nxe4 9. Na3 Be7 10. Bf4 O-O 11. Ne5 Nxe5 12. Bxe5 Nf6 13. Nb5 a6 14. Nd6
Ra7 15. a4 b6 16. Nc4 Nd7 17. Bd6 Bxd6 18. Rxd6 h6 19. Be4 Nf6 20. Bf3 Bb7 21.
Bxb7 Rxb7 22. Nxb6 Rfb8 23. a5 Ne4 24. Rc6 Rd8 25. Re1 Nd2 26. Kg2 Rd4 27. c3
Rd3 28. Rxc5 Nb3 29. Rc8+ Kh7 30. Nc4 Rb5 31. Re2 Nxa5 32. Ne5 Rdd5 33. Nxf7 Rf5
34. Nd6 Rbc5 35. Nxf5 Rxc8 36. Rxe6 Nc4 37. b4 Nd2 38. Rxa6 Ne4 39. Ra7 Kg6 40.
Ne7+ Kf7 41. Nxc8+ 1-0

[Event "Titled Tue 17th Jun Early"]
[Site "chess.com INT"]
[Date "2025.06.17"]
[Round "3"]
[White "Claverie, Christophe"]
[Black "Matyakubov, Miraziz"]
[Result "0-1"]
[WhiteTitle "IM"]
[BlackTitle "CM"]
[WhiteElo "2290"]
[BlackElo "2278"]
[WhiteFideId "605514"]
[BlackFideId "14215772"]
[EventDate "2025.06.17"]

1. d4 Nf6 2. Bg5 Ne4 3. Bf4 c5 4. dxc5 Qa5+ 5. Nd2 Nc6 6. c3 Nxd2 7. b4 Qa3 8.
Bxd2 g6 9. h4 h5 10. Qb3 Qxb3 11. axb3 Bg7 12. Ra3 O-O 13. e4 d6 14. Bb5 Ne5 15.
Nf3 Ng4 16. O-O Be6 17. Nd4 a6 18. Be2 Ne5 19. Nxe6 fxe6 20. f4 Nc6 21. Bc4 Rf6
22. Raa1 Kh7 23. b5 Nb8 24. c6 bxc6 25. bxc6 Nxc6 26. Rxa6 Rxa6 27. Bxa6 Rf8 28.
Bc4 Nd8 29. Ra1 Bh6 30. Ra8 Kg7 31. g3 e5 32. Kg2 Nc6 33. Rxf8 Kxf8 34. Bd5 Nd8
35. Kf3 e6 36. Bc4 Ke7 37. Be3 exf4 38. Bxf4 Bg7 39. Bd2 Nc6 40. b4 Ne5+ 0-1